00221nam a22000977a 4500040000900000082001600009100001100025245004100036260003500077300001100112 cSCME a603bA1681A aMorris aDictionary of Science And Technology aNew YorkbAcademic Pressc1992 a2398p.